Basic Financial Management (Record no. 599)

MARC details
000 -LEADER
fixed length control field 00432nam a22001817a 4500
005 - DATE AND TIME OF LATEST TRANSACTION
control field 20180704122655.0
008 - FIXED-LENGTH DATA ELEMENTS--GENERAL INFORMATION
fixed length control field 160511b xxu||||| |||| 00| 0 eng d
020 ## - INTERNATIONAL STANDARD BOOK NUMBER
ISBN 978-0-07-059943-7
041 ## - LANGUAGE CODE
Language code of text/sound track or separate title eng
082 ## - DEWEY DECIMAL CLASSIFICATION NUMBER
Item number 1371
Classification number 658.15
100 ## - MAIN ENTRY--AUTHOR NAME
Personal name Khan, M.Y, Jain, P.K
245 ## - TITLE STATEMENT
Title Basic Financial Management
250 ## - EDITION STATEMENT
Edition statement 2nd ed.
260 ## - PUBLICATION, DISTRIBUTION, ETC. (IMPRINT)
Place of publication New Delhi
Name of publisher TMH
300 ## - PHYSICAL DESCRIPTION
Number of Pages 20.23p,
650 ## - SUBJECT ADDED ENTRY--TOPICAL TERM
Topical Term Management
942 ## - ADDED ENTRY ELEMENTS (KOHA)
Koha item type Books
Holdings
Lost status Damaged status Collection code Home library Current library Shelving location Date acquired Full call number Accession Number Koha item type
    Reference JRU Library   SHELF-28-G 11/05/2016 658.15 1371 Books
    MANAGEMENT JRU Library JRU Library SHELF-59-L 11/05/2016 658.15 1372 Books
    MANAGEMENT JRU Library JRU Library SHELF-59-L 11/05/2016 658.15 1373 Books
    MANAGEMENT JRU Library JRU Library SHELF-59-L 11/05/2016 658.15 1374 Books
    MANAGEMENT JRU Library JRU Library SHELF-59-L 11/05/2016 658.15 1375 Books
    MANAGEMENT JRU Library JRU Library SHELF-59-L 11/05/2016 658.15 1376 Books